Pokémon - Les attaques de Scarabrute - Statistiques

Statistiques générales
  • Ce quiz a été pris 21 fois
  • Le résultat moyen est 8 sur 15
Statistiques - réponses
Niveaux Types Noms des attaques % Correct
Niveau 32 Insecte Plaie Croix
83%
Niveau 52 Combat Surpuissance
83%
Niveau 36 Normal Force
75%
Niveau 48 Normal Guillotine
75%
Départ Normal Armure
67%
Niveau 40 Normal Danse Lames
58%
Départ Normal Force Poigne
58%
Niveau 12 Combat Frappe Atlas
58%
Niveau 4 Normal Puissance
58%
Niveau 44 Combat Sacrifice
50%
Niveau 16 Insecte Piqûre
42%
Niveau 8 Normal Étreinte
33%
Niveau 28 Combat Corps Perdu
25%
Niveau 24 Normal Coup Double
17%
Niveau 20 Combat Yama Arashi
0%
Aucun quiz correspondant
Distribution des résultats
% des personnes avec chaque résultat
Percentile par nombre de réponses
Votre historique - résultats
Vous n’avez pas pris ce quiz